00600nam a22001697a 450000500170000001000150001702000260003203500130005803700130007108200080008424501380009225000130023026000550024327000680029830000310036670000330039720160719160500.0 aENG-115458 a9789385493157c560.00 aEN-98990 bDBAD/PUB a000 aRathore comprehensive guide for IBPS CWE-Probationary officers recruitment Examination 2015 /cedited by Kunwar Ishwar Singh Rathore aed. 2016 aNew DelhibRathore Publishers & Distributorsc2016 a202, 2nd Floor 4832/24 Ansari Road,DaryaganjbNew Delhie110002 aVarious pagingsc24cm(pbk) aRathore,Kunwar Ishwar Singh